Comuni delle Valli di Fiemme e Fassa - Statistics

Statistiche generali
  • Questo quiz è stato fatto 13 volte
  • Il punteggio medio è 7 su 15
Statistiche sulle risposte
Hint Risposta % Corretto
FASSA Moena
89%
FASSA Canazei/Cianacei
78%
FIEMME Cavalese/Cavales
78%
FIEMME Predazzo/Pardac
67%
FIEMME Tesero/Tiezer
56%
FASSA Campitello di Fassa/Ciampedel
44%
FIEMME Castello-Molina di Fiemme/Castel-Molina
44%
FASSA Mazzin/Mazin
44%
FASSA San Giovanni di Fassa/Sen Jen
44%
FASSA Soraga di Fassa/Soraga
44%
FIEMME Ziano di Fiemme/Suan
44%
FIEMME Panchià/Pancià
33%
FIEMME Ville di Fiemme/Le Vile
33%
FIEMME Capriana/Caoriana
22%
FIEMME Valfloriana
22%
Nessun quiz corrispondente trovato
Distribuzione punteggi
Percentuale di utenti per punteggio
Percentile per numero di risposta
I tuoi punteggi nel tempo
Non hai fatto questo quiz